000 00913nmm a2200265 a 4500
001 ocm0001256920
003 TR-IsHL
005 20201028160656.0
008 160715s2014 tu tur
007 cr cn
020 _a9786051430966
035 _a1256920
_b(N$T)
050 0 4 _aB3148
_b.S39 2014
090 0 4 _aB3148
_b.S39 2014
100 1 _aSchopenhauer, Arthur
245 1 0 _aEdebiyat dersleri
_h[electronic resource] /
_cArthur Schopenhauer ; Türkçesi Arzu Eti Polat
260 _aİstanbul :
_bKafekültür Yayıncılık,
_c2014
300 _a83 p.
650 4 _aDil ve Edebiyat
650 4 _aLanguage and Literature
650 0 _aSchopenhauer, Arthur, 1788-1860
650 7 _aLITERARY COLLECTIONS / European / English, Irish, Scottish, Welsh
_2bisacsh
700 1 _aPolat, Arzu Eti
856 4 0 _uhttp://search.ebscohost.com/login.aspx?direct=true&scope=site&db=e011xww&AN=1256920
999 _c13725
_d13725